logo image

ਬਰਨਿੰਗ ਸਨੋ (Record no. 44320)

MARC details
000 -LEADER
fixed length control field 00502nam a22001937a 4500
003 - CONTROL NUMBER IDENTIFIER
control field OSt
005 - DATE AND TIME OF LATEST TRANSACTION
control field 20260320145312.0
008 - FIXED-LENGTH DATA ELEMENTS--GENERAL INFORMATION
fixed length control field 260320b |||||||| |||| 00| 0 Pun d
020 ## - INTERNATIONAL STANDARD BOOK NUMBER
International Standard Book Number 9788119838141
040 ## - CATALOGING SOURCE
Original cataloging agency BGL
Transcribing agency BGL
082 ## - DEWEY DECIMAL CLASSIFICATION NUMBER
Classification number 891.423 JAS:B
100 ## - MAIN ENTRY--PERSONAL NAME
Personal name ਨਿਰਮਲ ਜਸ਼ਵਾਲ
245 ## - TITLE STATEMENT
Title ਬਰਨਿੰਗ ਸਨੋ
260 ## - PUBLICATION, DISTRIBUTION, ETC.
Place of publication, distribution, etc. New Delhi
Name of publisher, distributor, etc. Navyug Publishers
Date of publication, distribution, etc. 2025
300 ## - PHYSICAL DESCRIPTION
Extent 120p
440 ## - SERIES STATEMENT/ADDED ENTRY--TITLE
Title ਬਰਨਿੰਗ ਸਨੋ
650 ## - SUBJECT ADDED ENTRY--TOPICAL TERM
Topical term or geographic name entry element Punjabi
942 ## - ADDED ENTRY ELEMENTS (KOHA)
Source of classification or shelving scheme Dewey Decimal Classification
Koha item type GB
Holdings
Withdrawn status Lost status Source of classification or shelving scheme Materials specified (bound volume or other part) Damaged status Not for loan Home library Current library Date acquired Source of acquisition Cost, normal purchase price Discount Net Cost Total Checkouts Full call number Barcode Date last seen Cost, replacement price Price effective from Koha item type
    Dewey Decimal Classification Hard Bound     BGL BGL 18.03.2026 Global Books Distributors : 297 300.00 20% 240   891.423 JAS:B 69610 20.03.2026 300.00 20.03.2026 GB

Powered by Koha